00181nam a2200073Ia 4500008004100000082000800041100002200049245003600071240331s9999 xx 000 0 und d bVAA aPalusamy, N, . ed 0aVaalviyat Kalanchiyam :bPart 4